Bengkel Penulisan Laporan Pasaran Harta [ Laporan maklumat pasaran harta - Perbincangan :
| Corporate Author: | |
|---|---|
| Format: | Book |
| Published: |
Bangi :
Institut Penilaian Negara ,
1989
|
| Subjects: |
MARC
| LEADER | 00000cam a2200000 7i4500 | ||
|---|---|---|---|
| 001 | 0000021189 | ||
| 005 | 20080228.0 | ||
| 040 | |a INS | ||
| 090 | 0 | 0 | |a VCD 1182 |
| 245 | 0 | 0 | |a Bengkel Penulisan Laporan Pasaran Harta [ |h cakera video] : |b Laporan maklumat pasaran harta - Perbincangan : |b 4 - 11 Oktober 1989 |
| 260 | |a Bangi : |b Institut Penilaian Negara , |c 1989 | ||
| 300 | |a 1 cakera video (116 min.) : |b bny. wrn. ; |c 4 3/4 in. | ||
| 650 | 0 | 0 | |a Report writing |
| 710 | 1 | |a Institut Penilaian Negara | |
| 999 | |a VCD0001182 |b VIDEO CD |c Media Collection |e Default branch | ||